000 00956nmc a2200337 a 4500
003 AR-BaBNM
005 20251128204601.0
008 227019s1967 ||||||||||||||000 | spa||
040 _cAR-BaBNM
100 1 _aWilde, Eduardo
_d1844-1913
245 1 0 _aTiempo perdido
_btrabajos médicos y literarios
260 _aBuenos Aires
_bLibrería del Colegio
_c1967
300 0 _a293 p.
490 0 _aClásicos Huemul
_vv. 76
500 0 _aContiene referencias bibliográficas en p. 41
500 0 _aVocabulario en p. 289
650 4 _aLITERATURA ARGENTINA
650 4 _aGENERACION DE 1880
650 4 _aENSAYO
650 4 _aCRITICA LITERARIA
650 4 _aBIOGRAFIAS
650 4 _aMEDICINA
650 4 _aINMIGRACION
650 4 _aESTUDIOS CULTURALES
650 4 _aCOSTUMBRES Y TRADICIONES
655 _aLITERATURA
700 1 _aAra, Guillermo
_eprologuista
800 1 _aPellegrini, Juan Carlos
_edirector
942 _cBK
998 _cMARTIN
999 _c8019
_d8019